Islam and the West /

محفوظ في:

المؤلف الرئيسي: Lewis, Bernard, 1916-2018.

التنسيق: كتاب

اللغة: English

منشور في: New York : Oxford University Press, 1993.

الموضوعات:

الوسوم: إضافة وسم

لا توجد وسوم, كن أول من يضع وسما على هذه التسجيلة!

رقم الطلب: DS63.2 .E8 L470 1993

LEADER 00766nam a2200241Ia 4500
003 OSt
005 20260128111705.0
008 220401s1993 nyu b 001 0 eng d
020 |a 0195076192 
040 |c ARCE Library 
050 4 |a DS63.2 .E8 L470 1993 
100 1 |a Lewis, Bernard,   |d 1916-2018. 
245 1 0 |a Islam and the West /   |c Bernard Lewis. 
264 1 |a New York :   |b Oxford University Press,   |c 1993. 
300 |a ix, 217 p. ;   |c 25 cm. 
504 |a Includes bibliographical references and index. 
650 0 |a Islam   |x Relations   |x Christianity. 
650 0 |a Christianity and other religions   |x Islam. 
651 0 |a Middle East   |x Relations   |z Europe. 
651 0 |a Europe   |x Relations   |z Middle East. 
901 |a reviewed 
942 |2 lcc  |c BK 
999 |c 47052  |d 47052